Mathematical Models in Population Biology and Epidemiology; (Record no. 6233)

MARC details
000 -LEADER
fixed length control field 00611nam a22001937a 4500
003 - CONTROL NUMBER IDENTIFIER
control field OSt
005 - DATE AND TIME OF LATEST TRANSACTION
control field 20190819101540.0
008 - FIXED-LENGTH DATA ELEMENTS--GENERAL INFORMATION
fixed length control field 190819b ||||| |||| 00| 0 eng d
020 ## - INTERNATIONAL STANDARD BOOK NUMBER
International Standard Book Number 0387989021
040 ## - CATALOGING SOURCE
Transcribing agency DDC
082 ## - DEWEY DECIMAL CLASSIFICATION NUMBER
Classification number 577.8BRA 2001.
100 ## - MAIN ENTRY--PERSONAL NAME
Personal name Brauer,Fred;Castillo-Chavez,Carlos;
9 (RLIN) 12826
245 ## - TITLE STATEMENT
Title Mathematical Models in Population Biology and Epidemiology;
Remainder of title t3exts inApplied Mathematics 40.
260 ## - PUBLICATION, DISTRIBUTION, ETC. (IMPRINT)
Place of publication, distribution, etc. Newyork;
Name of publisher, distributor, etc. Springer,
Date of publication, distribution, etc. 2001.
300 ## - PHYSICAL DESCRIPTION
Extent xxiii,416p;
Other physical details ill;
Dimensions 26cm.
504 ## - BIBLIOGRAPHY, ETC. NOTE
Bibliography, etc includes answers, references and index.
650 ## - SUBJECT ADDED ENTRY--TOPICAL TERM
Topical term or geographic name as entry element Mathematical Biology.
9 (RLIN) 3936
942 ## - ADDED ENTRY ELEMENTS (KOHA)
Source of classification or shelving scheme Dewey Decimal Classification
Koha item type Open Shelf
Holdings
Withdrawn status Lost status Source of classification or shelving scheme Damaged status Not for loan Home library Current library Date acquired Source of acquisition Inventory number Total Checkouts Full call number Barcode Date last seen Price effective from Koha item type
    Dewey Decimal Classification     MUST Main Library MUST Main Library 19/08/2019 Purchase 08/30634   577.8BRA 2001. 2019-0135 19/08/2019 19/08/2019 Open Shelf
    Dewey Decimal Classification     MUST Main Library MUST Main Library 19/05/2021 Purchase 08/30635   577.8BRA 2001. 2021-0563 19/05/2021 19/05/2021 Open Shelf
    Dewey Decimal Classification     MUST Main Library MUST Main Library 19/05/2021 Purchase 06/28340   577.8BRA 2001. 2021-0564 19/05/2021 19/05/2021 Open Shelf